Modern algebra: estructure and method

保存先:
書誌詳細
主要な著者: Dolciani, Mary P (著者), Wooton, William (著者)
フォーマット: 図書
言語:英語
出版事項: Boston Houghton Mifflin 1970
主題:
タグ: タグ追加
タグなし, このレコードへの初めてのタグを付けませんか!

MARC

LEADER 00000nam a2200000 a 4500
001 UCQ7498
003 CL-VaPUC
008 981113e19700000us |||||||||||||||||eng|d
082 0 4 |a 512  |b DOL  |2 21 
100 0 |a Dolciani, Mary P  |e author  |9 421312 
700 0 |a Wooton, William  |e author  |9 421313 
245 1 0 |a Modern algebra: estructure and method 
300 |a v 
942 |c BK 
945 |d 19981113 00:00:00  |a lriquelm 
260 |a Boston  |b Houghton Mifflin  |c 1970 
500 |a Teacher's manual 
650 0 |a Álgebra  |9 259567 
650 7 |a AXIOMAS  |2 CL-VaPUC  |9 421314 
650 0 |a Lógica matemática   |9 262442 
650 0 |a Ecuaciones algebraicas   |9 359705 
650 0 |a Geometría algebraica  |9 270327 
650 0 |a Polinomios  |9 270626 
650 0 |a Teoría de anillos   |9 342207 
650 0 |a Funciones   |9 263869 
650 0 |a Logaritmos  |9 260266 
650 0 |a Trigonometría   |9 259568 
583 |a last modification  |c 20171017 03:03:27  |k Rodrigo Vera 
999 |c 277103  |d 277101 
952 |0 0  |1 0  |4 0  |6 512_000000000000000_DOL_1970  |7 0  |8 A  |9 314842  |a BIBMAT  |b BIBMAT  |d 2019-11-20  |h v.1  |i 1491687  |o 512 DOL 1970  |p 1491687  |r 2025-01-07  |w 2019-11-20  |y BK  |k MAT